000 00708cam a22002413a 4500
001 11101
003 PGUSA
005 20140828083232.0
008 040201s2004||||xxu|||||s|||||000 p eng d
040 _aPGUSA
_beng
042 _adc
050 4 _aPR
100 1 _aColeridge, Samuel Taylor,
_d1772-1834
245 1 0 _aColeridge's Ancient Mariner and Select Poems
_h[electronic resource] /
_cSamuel Taylor Coleridge
260 _bProject Gutenberg,
_c2004
506 _aPublic domain in the USA.
516 _aElectronic text
653 _aEnglish poetry
740 0 _aRime of the ancient mariner
830 0 _aProject Gutenberg
_v11101
856 4 0 _uhttp://www.gutenberg.org/ebooks/11101
942 _cEB
999 _c240356
_d240356